<?xml version="1.0" encoding="UTF-8"?>
<collection xmlns="http://www.loc.gov/MARC21/slim">
 <record>
  <leader>01528nam a22001691a 4500</leader>
  <controlfield tag="001">1/31861</controlfield>
  <controlfield tag="008">061221s1999    lu     f      00010 gre d</controlfield>
  <datafield tag="022" ind1="0" ind2=" ">
   <subfield code="a">0254-1483</subfield>
  </datafield>
  <datafield tag="028" ind1="3" ind2="1">
   <subfield code="a">CB-CO-99-094-GR-C</subfield>
  </datafield>
  <datafield tag="035" ind1=" " ind2=" ">
   <subfield code="l">34193</subfield>
  </datafield>
  <datafield tag="040" ind1=" " ind2=" ">
   <subfield code="a">GR-PeUP</subfield>
  </datafield>
  <datafield tag="084" ind1=" " ind2=" ">
   <subfield code="a">KET COM (1999) 90 τελικό</subfield>
  </datafield>
  <datafield tag="110" ind1="2" ind2=" ">
   <subfield code="a">Επιτροπή των Ευρωπαϊκών Κοινοτήτων.</subfield>
  </datafield>
  <datafield tag="245" ind1="1" ind2="0">
   <subfield code="a">Έκθεση της Επιτροπής προς το Συμβούλιο και το Ευρωπαϊκό Κοινοβούλιο σχετικά με τις δανειοδοτικές δραστηριότητες της Ευρωπαϊκής Τράπεζας Επενδύσεων (ΕΤΕ) στις χώρες της Κεντρικής και Ανατολικής Ευρώπης, τις χώρες της Λεκάνης της Μεσογείου, τις χώρες της Λατινικής Αμερικής και της Ασίας και τη Δημοκρατία της Νότιας Αφρικής βάσει της απόφασης του Συμβουλίου 97/256/ΕΚ της 14ης Απριλίου 1997/</subfield>
   <subfield code="c">Επιτροπή των Ευρωπαϊκών Κοινοτήτων</subfield>
  </datafield>
  <datafield tag="260" ind1="0" ind2=" ">
   <subfield code="a">Βρυξέλλες, Λουξεμβούργο:</subfield>
   <subfield code="b">Υπηρεσία Επισήμων Εκδόσεων των Ευρωπαϊκών Κοινοτήτων,</subfield>
   <subfield code="c">26.2.1999</subfield>
  </datafield>
  <datafield tag="300" ind1=" " ind2=" ">
   <subfield code="a">21 σ.</subfield>
  </datafield>
  <datafield tag="852" ind1=" " ind2=" ">
   <subfield code="a">INST</subfield>
   <subfield code="b">UNIPILB</subfield>
   <subfield code="c">KET</subfield>
   <subfield code="e">20061221</subfield>
   <subfield code="h">KET COM (1999) 90</subfield>
   <subfield code="p">COM (1999) 90</subfield>
   <subfield code="q">COM (1999) 90</subfield>
   <subfield code="t">NOLOAN</subfield>
   <subfield code="y">23</subfield>
   <subfield code="4">1</subfield>
  </datafield>
 </record>
</collection>
